Demographics of Sydney - People born overseas by region - Statistics

General Stats
  • This quiz has been taken 679 times
    546 since last reset
  • The average score is 15 of 21
Answer Stats
Country of Birth % Correct
China
99%
UK
98%
India
96%
New Zealand
90%
Vietnam
90%
US
88%
Italy
84%
Indonesia
83%
South Korea
76%
Greece
75%
Philippines
74%
Ireland
71%
Thailand
71%
South Africa
69%
Lebanon
65%
Iraq
63%
Bangladesh
62%
Fiji
53%
Cambodia
46%
Nepal
40%
Hong Kong
31%
No matching quizzes found
Score Distribution
Percent of People with Each Score
Percentile by Number Answered
Your Score History
You have not taken this quiz since the last reset